UBT Library

An introduction to the botany of the major crop plants / (Record no. 40261)

000 -LEADER
fixed length control field 00595nam a2200229 i 4500
001 - CONTROL NUMBER
control field 2741938
005 - DATE AND TIME OF LATEST TRANSACTION
control field 20180115070417.0
008 - FIXED-LENGTH DATA ELEMENTS--GENERAL INFORMATION
fixed length control field 780221s1977 enka b 001 0 eng
010 ## - LIBRARY OF CONGRESS CONTROL NUMBER
LC control number 78301727
015 ## - NATIONAL BIBLIOGRAPHY NUMBER
National bibliography number GB***
020 ## - INTERNATIONAL STANDARD BOOK NUMBER
International Standard Book Number 085501220X
040 ## - CATALOGING SOURCE
Original cataloging agency DLC
Transcribing agency DLC
Modifying agency DLC
041 ## - LANGUAGE CODE
Language code of text/sound track or separate title eng
080 ## - UNIVERSAL DECIMAL CLASSIFICATION NUMBER
Universal Decimal Classification number 581.19 TRE
082 00 - DEWEY DECIMAL CLASSIFICATION NUMBER
Classification number 581.19 TRE
100 1# - Rafti
Rafti 9
101 ## - Shkurtesa
Shkurtesa MJE
245 13 - TITLE STATEMENT
Title An introduction to the botany of the major crop plants /
Statement of responsibility, etc Alex M. M. Berrie.
504 ## - BIBLIOGRAPHY, ETC. NOTE
Bibliography, etc Bibliography: p. 187-189.
906 ## - LOCAL DATA ELEMENT F, LDF (RLIN)
a 7
b cbc
c orignew
d 3
e ncip
f 19
g y-gencatlg
942 ## - ADDED ENTRY ELEMENTS (KOHA)
Source of classification or shelving scheme
Item type Books
Holdings
Withdrawn status Lost status Source of classification or shelving scheme Damaged status Not for loan Collection code Permanent location Current location Shelving location Date acquired Total Checkouts Full call number Barcode Date last seen Price effective from Koha item type
          Koleksioni i përgjithshem UBT - Lipjan UBT - Lipjan Koleksioni i përgjithshem 01/15/2018   581.19 TRE 002-2995458 01/15/2018 01/15/2018 Books
UBT Library © 2015-2024. All rights reserved University Education for Business and Technology